[Event "FIDE Grand Swiss Tournament 2019"]
[Site "Douglas ENG"]
[Date "2019.10.17"]
[Round "7"]
[White "Fedoseev, Vladimir3"]
[Black "Karjakin, Sergey"]
[Result "1/2-1/2"]
[WhiteElo "2664"]
[BlackElo "2760"]
[PlyCount "95"]
[EventDate "2019.10.10"]

1. d4 Nf6 2. c4 e6 3. Nf3 d5 4. g3 Bb4+ 5. Bd2 Be7 6. Bg2 O-O 7. O-O Nbd7 8.
Qc2 c6 9. Rc1 Re8 10. Be1 Bd6 11. Nbd2 h6 12. Rd1 Qe7 13. Rac1 a5 14. Nh4 Qf8
15. a3 Kh8 16. h3 Qg8 17. e3 g5 18. Nhf3 Qh7 19. Qa4 Nb6 20. Qb3 Nbd7 21. Qc3
a4 22. Ne5 Bc7 23. Nd3 Kg8 24. Qc2 h5 25. f4 g4 26. h4 Nb6 27. b4 axb3 28. Qxb3
Nbd7 29. Ne5 Ba5 30. Kh2 Ra7 31. Nd3 Nb6 32. c5 Nbd7 33. Nb4 Nf8 34. Bf2 Bd7
35. Re1 Rea8 36. Rc3 Qg7 37. Qb2 Ng6 38. Rb3 Ne7 39. Ra1 Bc8 40. e4 dxe4 41.
Nxe4 Nxe4 42. Bxe4 f5 43. Bc2 Bxb4 44. Rxb4 Nd5 45. Rb3 Qc7 46. Bd3 Ra4 47. Kg1
Kf8 48. Kg2 1/2-1/2

[Event "FIDE Grand Swiss Tournament 2019"]
[Site "Douglas ENG"]
[Date "2019.10.17"]
[Round "7"]
[White "Shirov, Alexei"]
[Black "Wojtaszek, Radoslaw"]
[Result "1/2-1/2"]
[WhiteElo "2664"]
[BlackElo "2748"]
[PlyCount "61"]
[EventDate "2019.10.10"]

1. e4 e5 2. Nf3 Nc6 3. Bb5 a6 4. Ba4 Nf6 5. O-O Be7 6. Re1 b5 7. Bb3 O-O 8. c3
d5 9. exd5 Nxd5 10. Nxe5 Nxe5 11. Rxe5 c6 12. d3 Bd6 13. Re1 Bf5 14. Qf3 Bg6
15. Bxd5 cxd5 16. Bf4 d4 17. cxd4 Bb4 18. Nc3 Qxd4 19. Rac1 Qxd3 20. Qxd3 Bxd3
21. a3 Bxc3 22. Rxc3 Bc4 23. b3 Be6 24. f3 Rac8 25. Rec1 Rxc3 26. Rxc3 Rc8 27.
Rxc8+ Bxc8 28. Kf2 b4 29. axb4 Be6 30. b5 axb5 31. b4 1/2-1/2

[Event "FIDE Grand Swiss Tournament 2019"]
[Site "Douglas ENG"]
[Date "2019.10.17"]
[Round "7"]
[White "Adhiban, Baskaran"]
[Black "Nakamura, Hikaru"]
[Result "1/2-1/2"]
[WhiteElo "2639"]
[BlackElo "2745"]
[PlyCount "60"]
[EventDate "2019.10.10"]

1. d4 d5 2. c4 dxc4 3. Nf3 Nf6 4. e3 e6 5. Bxc4 a6 6. O-O c5 7. b3 cxd4 8. Nxd4
Be7 9. Bb2 O-O 10. Be2 Bd7 11. Nd2 Nc6 12. Bf3 Rc8 13. Nc4 b5 14. Nxc6 Bxc6 15.
Qxd8 Bxd8 16. Bxc6 bxc4 17. Bb7 Rb8 18. Bxa6 cxb3 19. Be5 Rb6 20. axb3 Rxb3 21.
Rfb1 Rxb1+ 22. Rxb1 Be7 23. Bd4 Rd8 24. Bb7 Nd7 25. Bc6 Bf6 26. Bxd7 Rxd7 27.
Rb8+ Rd8 28. Rxd8+ Bxd8 29. e4 f5 30. exf5 exf5 1/2-1/2

[Event "FIDE Grand Swiss Tournament 2019"]
[Site "Douglas ENG"]
[Date "2019.10.17"]
[Round "7"]
[White "Artemiev, Vladislav"]
[Black "Hovhannisyan, Robert"]
[Result "1/2-1/2"]
[WhiteElo "2746"]
[BlackElo "2639"]
[PlyCount "103"]
[EventDate "2019.10.10"]

1. d4 d5 2. Bf4 c5 3. e3 Nc6 4. c3 Nf6 5. Nd2 Bg4 6. Ngf3 e6 7. Qb3 Qc8 8. Bb5
Nd7 9. O-O a6 10. Be2 Be7 11. Qd1 O-O 12. a4 Qd8 13. Qb1 Bf5 14. Bd3 Bxd3 15.
Qxd3 c4 16. Qc2 f5 17. h3 g5 18. Bg3 h5 19. Kh1 Rf7 20. b3 g4 21. Ng1 cxb3 22.
Qxb3 Na5 23. Qd1 Nf6 24. Ne2 Bd6 25. Bh4 Qf8 26. f3 Qh6 27. Nf4 Kh8 28. Qe1 Rg8
29. Rb1 Nd7 30. Nd3 Rfg7 31. f4 Be7 32. Bxe7 Rxe7 33. h4 Rc8 34. Qc1 Ree8 35.
Rb4 Rc7 36. Qb2 Rec8 37. Rc1 Qf8 38. g3 Kg8 39. Kh2 Rc6 40. Rc2 R8c7 41. Nf2
Qc8 42. Nd1 Nf6 43. Qb1 Nc4 44. Nxc4 Rxc4 45. Nf2 Ne4 46. Nxe4 fxe4 47. Rxc4
Rxc4 48. Qb6 Rc6 49. Qb3 Rc4 50. Qb6 Rc6 51. Qb3 Rc4 52. Qb6 1/2-1/2

[Event "FIDE Grand Swiss Tournament 2019"]
[Site "Douglas ENG"]
[Date "2019.10.17"]
[Round "7"]
[White "So, Wesley"]
[Black "Ganguly, Surya Shekhar"]
[Result "1-0"]
[WhiteElo "2767"]
[BlackElo "2658"]
[PlyCount "111"]
[EventDate "2019.10.10"]

1. e4 c5 2. Nf3 d6 3. Bb5+ Nd7 4. d4 cxd4 5. Qxd4 a6 6. Bxd7+ Bxd7 7. Nc3 Rc8
8. O-O e5 9. Qd3 h6 10. Nd2 Qc7 11. Rd1 Bg4 12. Re1 Nf6 13. Nf1 Be6 14. Ne3 Be7
15. a4 O-O 16. Rd1 Rfd8 17. a5 Bf8 18. Bd2 g6 19. Be1 Qc5 20. Na4 Qc6 21. Nb6
Nxe4 22. Nxc8 Rxc8 23. c4 f5 24. Bb4 Bxc4 25. Nxc4 Qxc4 26. Qxc4+ Rxc4 27. Ba3
Kf7 28. Rac1 Ra4 29. f3 Nc5 30. Bxc5 dxc5 31. Rd7+ Kf6 32. Rxb7 Rxa5 33. Rb6+
Kg5 34. h4+ Kh5 35. Rc4 Rb5 36. Rxa6 Be7 37. g4+ fxg4 38. Re6 Bxh4 39. Rxe5+ g5
40. fxg4+ Kg6 41. Rexc5 Rxb2 42. Rc6+ Kg7 43. Rd6 Rb1+ 44. Kg2 Rb2+ 45. Kf3
Rf2+ 46. Ke3 Rf6 47. Rc7+ Kg6 48. Rxf6+ Kxf6 49. Ke4 Bf2 50. Rc6+ Kg7 51. Kf5
h5 52. gxh5 Kh7 53. h6 Be3 54. Kg4 Bf4 55. Re6 Bd2 56. Kh5 1-0

[Event "FIDE Grand Swiss Tournament 2019"]
[Site "Douglas ENG"]
[Date "2019.10.17"]
[Round "7"]
[White "Kasimdzhanov, Rustam"]
[Black "Svidler, Peter"]
[Result "1/2-1/2"]
[WhiteElo "2657"]
[BlackElo "2729"]
[PlyCount "60"]
[EventDate "2019.10.10"]

1. e4 c6 2. d4 d5 3. e5 Bf5 4. Nd2 e6 5. Nb3 Nd7 6. Nf3 Ne7 7. Be2 h6 8. O-O
Qc7 9. a4 a6 10. Bd2 c5 11. Nxc5 Nxc5 12. dxc5 Qxc5 13. Bd3 Qc7 14. Re1 Bxd3
15. cxd3 Nc6 16. Qb3 Be7 17. a5 O-O 18. Ra4 Kh8 19. Rg4 f5 20. exf6 Bxf6 21. h3
Rae8 22. Nh4 Bxh4 23. Rxh4 Qd7 24. Qd1 e5 25. Qg4 Qxg4 26. Rxg4 Kh7 27. Ra4 Kg6
28. f3 Kf6 29. f4 Kg6 30. fxe5 Rxe5 1/2-1/2

[Event "FIDE Grand Swiss Tournament 2019"]
[Site "Douglas ENG"]
[Date "2019.10.17"]
[Round "7"]
[White "Melkumyan, Hrant"]
[Black "Bu, Xiangzhi"]
[Result "1-0"]
[WhiteElo "2650"]
[BlackElo "2721"]
[PlyCount "75"]
[EventDate "2019.10.10"]

1. d4 Nf6 2. c4 e6 3. Nf3 d5 4. Nc3 c5 5. cxd5 Nxd5 6. e4 Nxc3 7. bxc3 cxd4 8.
cxd4 Bb4+ 9. Bd2 Bxd2+ 10. Qxd2 O-O 11. Bc4 Nd7 12. O-O b6 13. Rad1 Bb7 14.
Rfe1 Rc8 15. Bb3 Qf6 16. d5 Nc5 17. Bc2 exd5 18. e5 Qe7 19. Nd4 Ne4 20. Qf4 g6
21. h4 Kh8 22. h5 g5 23. Qf5 Rc5 24. h6 Bc8 25. Qf3 Rc3 26. Re3 Rxe3 27. Qxe3
Nc5 28. Nf3 f6 29. Re1 Ne4 30. Bxe4 dxe4 31. exf6 Qxf6 32. Nxg5 Bf5 33. Rd1 Kg8
34. Qg3 Bg6 35. Rd7 Re8 36. Nxh7 Qf5 37. Qc3 Re5 38. Rg7+ 1-0

[Event "FIDE Grand Swiss Tournament 2019"]
[Site "Douglas ENG"]
[Date "2019.10.17"]
[Round "7"]
[White "Vidit, Santosh Gujrathi"]
[Black "Sarana, Alexey"]
[Result "1/2-1/2"]
[WhiteElo "2718"]
[BlackElo "2655"]
[PlyCount "129"]
[EventDate "2019.10.10"]

1. Nf3 d5 2. d4 Nf6 3. c4 e6 4. Nc3 dxc4 5. e4 Bb4 6. Bxc4 Nxe4 7. O-O Nxc3 8.
bxc3 Be7 9. Ne5 O-O 10. Qg4 Nc6 11. Bf4 Nxe5 12. dxe5 f5 13. exf6 Bxf6 14. Rad1
Qe7 15. Rfe1 Kh8 16. Bd3 Qf7 17. Qh3 g6 18. Qg3 e5 19. Bxe5 Be6 20. Be4 Bxa2
21. Bxb7 Rae8 22. Bxf6+ Qxf6 23. Rxe8 Rxe8 24. Qxc7 Bb3 25. Ra1 Re7 26. Qc8+
Kg7 27. Ba6 Qb6 28. Bc4 Bxc4 29. Qxc4 Rc7 30. Qd5 Qf6 31. Rc1 Qf4 32. Re1 Rf7
33. Qc5 Rc7 34. Qd5 Rf7 35. f3 Rc7 36. g3 Qf6 37. c4 a5 38. Qxa5 Rxc4 39. Rd1
Qe7 40. Qa1+ Kh6 41. Qb2 Qe3+ 42. Kg2 Rc3 43. Rf1 Rc7 44. Rf2 Qc3 45. Qe2 Kg7
46. h4 Qf6 47. Qe4 Re7 48. Qd3 Qe5 49. Rc2 h5 50. Qd1 Rb7 51. Re2 Rb2 52. Rxb2
Qxb2+ 53. Kf1 Qc3 54. Qd7+ Kf6 55. Qd6+ Kf7 56. Ke2 Qc2+ 57. Ke3 Qc3+ 58. Qd3
Qe1+ 59. Kf4 Qc1+ 60. Qe3 Qc7+ 61. Qe5 Qc1+ 62. Ke4 Qb1+ 63. Kf4 Qc1+ 64. Ke4
Qb1+ 65. Kf4 1/2-1/2

[Event "FIDE Grand Swiss Tournament 2019"]
[Site "Douglas ENG"]
[Date "2019.10.17"]
[Round "7"]
[White "Akopian, Vladimir"]
[Black "Matlakov, Maxim"]
[Result "1/2-1/2"]
[WhiteElo "2638"]
[BlackElo "2716"]
[PlyCount "102"]
[EventDate "2019.10.10"]

1. e4 e5 2. Nf3 Nc6 3. Bc4 Bc5 4. c3 Nf6 5. d3 d6 6. Bg5 h6 7. Bh4 a6 8. a4 Ba7
9. Nbd2 Qe7 10. b4 g5 11. Bg3 Nh5 12. b5 Na5 13. Bd5 c6 14. Ba2 axb5 15. axb5
cxb5 16. O-O Nxg3 17. hxg3 O-O 18. Bd5 Nc6 19. Rb1 b4 20. cxb4 Nd4 21. b5 Bc5
22. Nxd4 Bxd4 23. Nf3 Bb6 24. d4 Kg7 25. dxe5 dxe5 26. Ra1 Rb8 27. Qb3 Qf6 28.
Ra3 Re8 29. Qb2 Re7 30. Rc1 Bd7 31. Rc2 h5 32. Qc1 Kg6 33. Qa1 Rh8 34. Ra8 h4
35. gxh4 gxh4 36. Rxh8 Qxh8 37. Qa3 Qf6 38. Bxb7 Bxb5 39. Bc6 Bxc6 40. Rxc6
Qxc6 41. Qxe7 Qc1+ 42. Kh2 Qf4+ 43. Kh3 Bxf2 44. Qxe5 Qxe5 45. Nxe5+ Kg7 46.
Kg4 Kf6 47. Nf3 Bg3 48. Nxh4 Bxh4 49. Kxh4 Ke5 50. Kg5 Kxe4 51. Kf6 Kf4 1/2-1/2

[Event "FIDE Grand Swiss Tournament 2019"]
[Site "Douglas ENG"]
[Date "2019.10.17"]
[Round "7"]
[White "Papaioannou, Ioannis"]
[Black "Le, Quang Liem"]
[Result "1/2-1/2"]
[WhiteElo "2645"]
[BlackElo "2708"]
[PlyCount "137"]
[EventDate "2019.10.10"]

1. d4 Nf6 2. Nf3 e6 3. g3 b5 4. Bg5 Bb7 5. Bg2 Be7 6. Nbd2 d6 7. c4 bxc4 8.
Nxc4 O-O 9. O-O h6 10. Bxf6 Bxf6 11. Qd2 Nc6 12. Rac1 Rb8 13. Rfd1 Ba8 14. b3
Re8 15. e3 Be7 16. h4 Bf8 17. Na5 Rb6 18. Nc4 Rb5 19. Nb2 Rb6 20. Ne1 d5 21.
Na4 Rb8 22. Nd3 Ba3 23. Rc2 Qd6 24. Qc3 Re7 25. Nac5 Nb4 26. Nxb4 Bxb4 27. Qb2
Rbe8 28. Nd3 Ba5 29. b4 Rb8 30. Rb1 c6 31. Qa3 Bd8 32. Qc1 Bb7 33. Rb3 Rc7 34.
Bf1 Bc8 35. Rbc3 Bd7 36. a3 a5 37. bxa5 Ra7 38. Ne5 Rxa5 39. Rxc6 Bxc6 40. Nxc6
Rc8 41. Nxa5 Rxc2 42. Qxc2 Bxa5 43. Qa4 Qd8 44. h5 Kf8 45. Qc2 Ke7 46. a4 Qc7
47. Qb1 Qc3 48. Qb8 Qc7 49. Qh8 Qc2 50. Qb8 Be1 51. Qf4 Qxa4 52. Qc7+ Qd7 53.
Qc5+ Qd6 54. Qa7+ Kf6 55. Qa8 Bb4 56. Qa1 Qc7 57. Qd1 Ke7 58. Qb1 Qc3 59. Kg2
Kf6 60. Qh7 Bf8 61. Be2 Qb3 62. Bf3 Bd6 63. e4 dxe4 64. Qxe4 Qb5 65. Qe3 Ke7
66. d5 e5 67. Qe4 Qb4 68. Qh7 Qd4 69. Qe4 1/2-1/2

[Event "FIDE Grand Swiss Tournament 2019"]
[Site "Douglas ENG"]
[Date "2019.10.17"]
[Round "7"]
[White "Bluebaum, Matthias"]
[Black "Xiong, Jeffery"]
[Result "1/2-1/2"]
[WhiteElo "2643"]
[BlackElo "2708"]
[PlyCount "91"]
[EventDate "2019.10.10"]

1. d4 d5 2. c4 dxc4 3. e4 Nf6 4. e5 Nd5 5. Bxc4 Nc6 6. Nc3 Nb6 7. Bb5 e6 8. Nf3
Bd7 9. O-O Nb4 10. Bxd7+ Qxd7 11. a3 Nc6 12. Qc2 Be7 13. Rd1 Nd5 14. Ne4 a5 15.
Bg5 h6 16. Bxe7 Ncxe7 17. Rac1 O-O 18. Ng3 Ra6 19. Qe4 Rb6 20. Rd2 Rb3 21. Qg4
Qb5 22. Rcc2 Rd3 23. Nh5 Nf5 24. h4 Rxd2 25. Rxd2 Rd8 26. Qe4 c5 27. dxc5 Qxc5
28. Kh2 Rc8 29. Nf4 Nfe7 30. Nxd5 Nxd5 31. Qd4 Qb5 32. Qd3 Rc4 33. b3 Rc5 34.
Qxb5 Rxb5 35. Nd4 Rc5 36. Rc2 Rxc2 37. Nxc2 g5 38. hxg5 hxg5 39. Kg3 Kg7 40.
Kf3 Kg6 41. g4 f5 42. exf6 Nxf6 43. Ne3 b5 44. a4 bxa4 45. bxa4 Nd7 46. Nc4
1/2-1/2

[Event "FIDE Grand Swiss Tournament 2019"]
[Site "Douglas ENG"]
[Date "2019.10.17"]
[Round "7"]
[White "Zhang, Zhong"]
[Black "Amin, Bassem"]
[Result "1-0"]
[WhiteElo "2636"]
[BlackElo "2699"]
[PlyCount "63"]
[EventDate "2019.10.10"]

1. d4 Nf6 2. Bg5 g6 3. Bxf6 exf6 4. c4 d5 5. e3 dxc4 6. Bxc4 Bd6 7. Nc3 O-O 8.
Nf3 a6 9. O-O b5 10. Bd5 Ra7 11. a4 c6 12. Bb3 Re7 13. Rc1 Bb7 14. Qc2 f5 15.
e4 Bf4 16. Rce1 b4 17. exf5 bxc3 18. fxg6 c5 19. Rxe7 Qxe7 20. Re1 Qf6 21.
gxf7+ Kh8 22. Qxc3 Nd7 23. Re8 Bh6 24. Ne5 Qg5 25. d5 Nxe5 26. Rxe5 Qf6 27. Re7
Qxc3 28. bxc3 Bc8 29. d6 Bf5 30. d7 c4 31. d8=Q Rxd8 32. Re8+ 1-0

[Event "FIDE Grand Swiss Tournament 2019"]
[Site "Douglas ENG"]
[Date "2019.10.18"]
[Round "8"]
[White "Caruana, Fabiano"]
[Black "Aronian, Levon"]
[Result "1/2-1/2"]
[WhiteElo "2812"]
[BlackElo "2758"]
[PlyCount "75"]
[EventDate "2019.10.10"]

1. c4 Nf6 2. Nc3 e5 3. Nf3 Nc6 4. g3 d5 5. cxd5 Nxd5 6. Bg2 Nb6 7. O-O Be7 8.
b3 O-O 9. Bb2 Re8 10. Rc1 Bf8 11. Ne4 f6 12. d4 f5 13. Nc5 e4 14. Ne5 Nxe5 15.
dxe5 Qxd1 16. Rfxd1 c6 17. g4 g6 18. gxf5 gxf5 19. f3 Bh6 20. Rc2 e3 21. e6
Bxe6 22. Nxb7 Nd5 23. Rxc6 Rac8 24. Rdc1 Rxc6 25. Rxc6 Nf4 26. Bf1 Bf8 27. Nc5
Bd5 28. Rc7 Bxc5 29. Rxc5 Bxf3 30. exf3 e2 31. Bc3 Re3 32. Ba5 exf1=Q+ 33. Kxf1
Rxf3+ 34. Kg1 h5 35. h4 Rh3 36. Rxf5 Rxh4 37. Kf2 Ne6 38. Bc3 1/2-1/2

[Event "FIDE Grand Swiss Tournament 2019"]
[Site "Douglas ENG"]
[Date "2019.10.18"]
[Round "8"]
[White "Wang, Hao"]
[Black "Carlsen, Magnus"]
[Result "1/2-1/2"]
[WhiteElo "2726"]
[BlackElo "2876"]
[PlyCount "61"]
[EventDate "2019.10.10"]

1. d4 d5 2. c4 e6 3. Nf3 Nf6 4. Nc3 Bb4 5. Qb3 a5 6. Bg5 c5 7. dxc5 Na6 8. a3
Nxc5 9. Qc2 Bxc3+ 10. Qxc3 Nce4 11. Bxf6 Qxf6 12. Qxf6 Nxf6 13. cxd5 Nxd5 14.
e4 Nf6 15. Bd3 Bd7 16. Ne5 Ke7 17. Rc1 Rhc8 18. Kd2 Be8 19. f4 Nd7 20. Nxd7
Bxd7 21. Rxc8 Rxc8 22. Rc1 Rxc1 23. Kxc1 e5 24. fxe5 Ke6 25. Kd2 Kxe5 26. Ke3
Bc6 27. g3 f6 28. Bc2 b6 29. Bd3 h6 30. Bc2 Bb7 31. Bd3 1/2-1/2

[Event "FIDE Grand Swiss Tournament 2019"]
[Site "Douglas ENG"]
[Date "2019.10.18"]
[Round "8"]
[White "Anton Guijarro, David"]
[Black "Grischuk, Alexander"]
[Result "1-0"]
[WhiteElo "2674"]
[BlackElo "2759"]
[PlyCount "47"]
[EventDate "2019.10.10"]

1. c4 e5 2. g3 Nf6 3. Bg2 Bc5 4. Nc3 c6 5. Nf3 e4 6. Nh4 d5 7. cxd5 cxd5 8. d3
Ng4 9. O-O g5 10. d4 Be7 11. h3 Nxf2 12. Rxf2 gxh4 13. Qb3 hxg3 14. Rf4 Nc6 15.
Qxd5 f5 16. Bxe4 fxe4 17. Qh5+ Kd7 18. Be3 Qg8 19. d5 Nd8 20. Nxe4 Qg6 21. Qe5
Nf7 22. Rxf7 Qxf7 23. Rc1 Rf8 24. Bg5 1-0

[Event "FIDE Grand Swiss Tournament 2019"]
[Site "Douglas ENG"]
[Date "2019.10.18"]
[Round "8"]
[White "Maghsoodloo, Parham"]
[Black "Vitiugov, Nikita"]
[Result "1/2-1/2"]
[WhiteElo "2664"]
[BlackElo "2732"]
[PlyCount "45"]
[EventDate "2019.10.10"]

1. c4 e5 2. d3 Nf6 3. Nf3 Nc6 4. a3 d5 5. cxd5 Nxd5 6. e4 Nf6 7. Be2 a5 8. Qc2
Be7 9. Nbd2 Be6 10. b3 Nd7 11. Bb2 Bc5 12. O-O O-O 13. Rfc1 Bg4 14. h3 Bxf3 15.
Nxf3 Re8 16. g3 Qe7 17. Kg2 Bb6 18. Bc3 Nc5 19. Rab1 Na6 20. Qb2 Nc5 21. Qc2
Na6 22. Qb2 Nc5 23. Qc2 1/2-1/2

[Event "FIDE Grand Swiss Tournament 2019"]
[Site "Douglas ENG"]
[Date "2019.10.18"]
[Round "8"]
[White "So, Wesley"]
[Black "Alekseenko, Kirill"]
[Result "1/2-1/2"]
[WhiteElo "2767"]
[BlackElo "2674"]
[PlyCount "89"]
[EventDate "2019.10.10"]

1. d4 Nf6 2. c4 e6 3. Nc3 Bb4 4. Qc2 O-O 5. Nf3 d5 6. Bg5 c5 7. dxc5 dxc4 8. e3
h6 9. Bh4 Qa5 10. Bxf6 gxf6 11. Bxc4 Qxc5 12. Bb3 Nc6 13. O-O Bxc3 14. Rac1 Bb4
15. Qxc5 Bxc5 16. Rxc5 Bd7 17. Rfc1 Rfc8 18. Ba4 Kf8 19. Kf1 Ke7 20. Ke2 a6 21.
a3 b5 22. Bd1 Na5 23. Nd2 Nb7 24. Rxc8 Rxc8 25. Rxc8 Bxc8 26. e4 Nd6 27. f4 e5
28. f5 Bb7 29. Bc2 a5 30. Bd3 Bc6 31. Ke3 Kf8 32. Nb3 Nb7 33. Nc1 Nd6 34. Na2
Ke7 35. Nc3 Kf8 36. Na2 Ke7 37. b4 a4 38. Nc3 Kf8 39. Kf2 Kg7 40. Kg3 Kf8 41.
Kh4 Kg7 42. Kh5 Kh7 43. Kh4 Kg7 44. Kh5 Kh7 45. Kh4 1/2-1/2

[Event "FIDE Grand Swiss Tournament 2019"]
[Site "Douglas ENG"]
[Date "2019.10.18"]
[Round "8"]
[White "Anand, Viswanathan"]
[Black "Fedoseev, Vladimir3"]
[Result "1-0"]
[WhiteElo "2765"]
[BlackElo "2664"]
[PlyCount "73"]
[EventDate "2019.10.10"]

1. e4 c5 2. Nf3 Nc6 3. d4 cxd4 4. Nxd4 Qb6 5. Nb3 e6 6. Nc3 Qc7 7. f4 d6 8. Be3
Nf6 9. Bd3 Be7 10. Qf3 Nb4 11. O-O Bd7 12. a3 Nxd3 13. cxd3 Qc6 14. Rac1 Qa6
15. g4 Bc6 16. g5 Nd7 17. d4 Bb5 18. Rf2 O-O 19. f5 Bd8 20. Nd2 Bd3 21. fxe6
fxe6 22. Qg4 Rxf2 23. Kxf2 Nf8 24. d5 e5 25. h4 g6 26. h5 gxh5 27. Qxh5 Bb6 28.
Qh3 Re8 29. Nd1 Be2 30. Ke1 Bd4 31. Nf2 Re7 32. Bxd4 exd4 33. Rc8 Rf7 34. e5
dxe5 35. Nfe4 h5 36. gxh6 Rf4 37. Qe6+ 1-0

[Event "FIDE Grand Swiss Tournament 2019"]
[Site "Douglas ENG"]
[Date "2019.10.18"]
[Round "8"]
[White "Karjakin, Sergey"]
[Black "Dreev, Aleksey"]
[Result "1-0"]
[WhiteElo "2760"]
[BlackElo "2662"]
[PlyCount "61"]
[EventDate "2019.10.10"]

1. e4 c5 2. Nf3 e6 3. d4 cxd4 4. Nxd4 Nf6 5. Nc3 Nc6 6. Nxc6 bxc6 7. e5 Nd5 8.
Ne4 Qc7 9. f4 Qb6 10. c4 Bb4+ 11. Ke2 f5 12. exf6 Nxf6 13. Be3 Qd8 14. Nd6+
Bxd6 15. Qxd6 Bb7 16. g4 c5 17. Rg1 Ne4 18. Qe5 Qh4 19. Bg2 Qxg4+ 20. Kd3 Nf2+
21. Bxf2 Bxg2 22. Bxc5 Rc8 23. Rae1 Kf7 24. Re2 Qf3+ 25. Be3 d6 26. Qd4 e5 27.
Qxa7+ Ke6 28. Rgxg2 Rxc4 29. Kxc4 Rc8+ 30. Kb4 Qe4+ 31. Bd4 1-0

[Event "FIDE Grand Swiss Tournament 2019"]
[Site "Douglas ENG"]
[Date "2019.10.18"]
[Round "8"]
[White "Wojtaszek, Radoslaw"]
[Black "Kovalev, Vladislav"]
[Result "0-1"]
[WhiteElo "2748"]
[BlackElo "2661"]
[PlyCount "112"]
[EventDate "2019.10.10"]

1. c4 Nf6 2. Nc3 e6 3. e4 c5 4. e5 Ng8 5. Nf3 Nc6 6. d4 cxd4 7. Nxd4 Nxe5 8.
Ndb5 a6 9. Nd6+ Bxd6 10. Qxd6 f6 11. Be3 Ne7 12. Bb6 Nf5 13. Qb4 Nc6 14. Qc5
Qe7 15. Qxe7+ Ncxe7 16. O-O-O d5 17. Be2 Kf7 18. b3 d4 19. Ne4 e5 20. g4 Nh4
21. f4 exf4 22. Nd6+ Kf8 23. Rxd4 f3 24. Bd1 h5 25. h3 Nc6 26. Re4 Bd7 27. gxh5
Rxh5 28. Bf2 Nf5 29. Nxb7 Ne5 30. Nc5 Bc6 31. Rf4 Kf7 32. b4 Ne7 33. Bb3 g5 34.
Rd4 g4 35. b5 Nf5 36. Rd2 g3 37. bxc6 gxf2 38. Rxf2 Rc8 39. Rd1 Rxc6 40. Nd7
Rxh3 41. c5+ Ke7 42. Nxe5 fxe5 43. Rd5 Kf6 44. Ba4 Rc7 45. Bd7 Rh7 46. Bxf5
Kxf5 47. Rxf3+ Ke4 48. Rfd3 Rh2 49. a3 Ra2 50. Kb1 Rxa3 51. Rd7 Rxd7 52. Rxa3
Rc7 53. Ra5 Kd4 54. Rxa6 Rxc5 55. Ra4+ Kd3 56. Ra3+ Rc3 0-1

[Event "FIDE Grand Swiss Tournament 2019"]
[Site "Douglas ENG"]
[Date "2019.10.18"]
[Round "8"]
[White "Nakamura, Hikaru"]
[Black "Melkumyan, Hrant"]
[Result "1-0"]
[WhiteElo "2745"]
[BlackElo "2650"]
[PlyCount "85"]
[EventDate "2019.10.10"]

1. e4 e5 2. Nf3 Nc6 3. Bb5 a6 4. Ba4 Nf6 5. O-O Be7 6. Re1 b5 7. Bb3 O-O 8. a4
b4 9. a5 d6 10. c3 Rb8 11. d3 bxc3 12. bxc3 Be6 13. Bxe6 fxe6 14. Nbd2 Rb5 15.
d4 exd4 16. cxd4 Nxa5 17. Qc2 Qd7 18. Ra4 Rfb8 19. Ba3 Ne8 20. Qa2 Nb3 21. Rxa6
Nxd2 22. Nxd2 R5b6 23. Ra7 R6b7 24. Rxb7 Rxb7 25. e5 Ra7 26. Qb3 dxe5 27. Bxe7
Qxe7 28. dxe5 Ra5 29. Nf3 Rd5 30. Ra1 Qd7 31. h4 h6 32. Ra8 Qc6 33. Rb8 Qc1+
34. Kh2 Qf4+ 35. g3 Qf7 36. Kg2 Qd7 37. h5 Qc6 38. Kh2 Qd7 39. Qb4 Kf7 40. Qf4+
Kg8 41. Nh4 g5 42. hxg6 Kg7 43. Rd8 1-0

[Event "FIDE Grand Swiss Tournament 2019"]
[Site "Douglas ENG"]
[Date "2019.10.18"]
[Round "8"]
[White "Lenderman, Aleksandr"]
[Black "Artemiev, Vladislav"]
[Result "1/2-1/2"]
[WhiteElo "2648"]
[BlackElo "2746"]
[PlyCount "68"]
[EventDate "2019.10.10"]

1. d4 Nf6 2. c4 g6 3. Nc3 d5 4. cxd5 Nxd5 5. e4 Nxc3 6. bxc3 Bg7 7. Be3 c5 8.
Nf3 O-O 9. Qd2 Nd7 10. Bd3 Qa5 11. Rc1 e5 12. dxe5 Nxe5 13. Nxe5 Bxe5 14. Bc4
Be6 15. Bxe6 fxe6 16. O-O Rad8 17. Qe2 Qc7 18. g3 Qc6 19. Qc4 b6 20. Rfd1 Rd7
21. Rxd7 Qxd7 22. a4 Rf7 23. Kg2 h5 24. Rc2 Qc6 25. Rd2 Rd7 26. Rxd7 Qxd7 27.
f4 Bf6 28. Kf2 Kf7 29. Ke2 Qc6 30. Kd3 Qd7+ 31. Kc2 Qc6 32. Kb3 Qd7 33. Kc2 Qc6
34. Kb3 Qd7 1/2-1/2

[Event "FIDE Grand Swiss Tournament 2019"]
[Site "Douglas ENG"]
[Date "2019.10.18"]
[Round "8"]
[White "Mamedov, Rauf"]
[Black "Vidit, Santosh Gujrathi"]
[Result "1/2-1/2"]
[WhiteElo "2645"]
[BlackElo "2718"]
[PlyCount "102"]
[EventDate "2019.10.10"]

1. e4 e5 2. Nf3 Nc6 3. Nc3 Nf6 4. Bb5 Nd4 5. O-O c6 6. Bd3 Nxf3+ 7. Qxf3 d6 8.
Be2 Bg4 9. Qe3 Qb6 10. Qxb6 axb6 11. Bxg4 Nxg4 12. a4 b5 13. b3 Nf6 14. d3 Be7
15. Bd2 bxa4 16. Nxa4 Nd7 17. c4 O-O 18. b4 f5 19. Rfb1 g6 20. f3 Kf7 21. Kf1
Ke6 22. Ke2 h5 23. Ra2 Nb6 24. Rba1 Rxa4 25. Rxa4 Nxa4 26. Rxa4 Rd8 27. Be3 Rb8
28. Bb6 Bd8 29. Bxd8 Rxd8 30. Ra7 Rb8 31. c5 d5 32. h4 fxe4 33. dxe4 dxe4 34.
fxe4 Kd7 35. Ra3 Rf8 36. Rg3 Rf4 37. Ke3 Rf6 38. Rg5 Re6 39. Ke2 Ke7 40. Rg3
Rf6 41. Ke3 Kf7 42. Rh3 Rf1 43. Rf3+ Rxf3+ 44. Kxf3 g5 45. Kg3 Kf6 46. Kh3 Kg6
47. hxg5 Kxg5 48. g3 Kg6 49. Kh4 Kh6 50. g4 hxg4 51. Kxg4 Kg6 1/2-1/2

[Event "FIDE Grand Swiss Tournament 2019"]
[Site "Douglas ENG"]
[Date "2019.10.18"]
[Round "8"]
[White "Matlakov, Maxim"]
[Black "Najer, Evgeniy"]
[Result "1-0"]
[WhiteElo "2716"]
[BlackElo "2635"]
[PlyCount "49"]
[EventDate "2019.10.10"]

1. d4 d5 2. c4 c6 3. Nf3 Nf6 4. Nc3 e6 5. Qd3 dxc4 6. Qxc4 b5 7. Qd3 a6 8. g4
Bb7 9. g5 Nh5 10. Bh3 c5 11. Bg4 g6 12. Bxh5 gxh5 13. Ne4 c4 14. Qe3 Be7 15.
Bd2 Nc6 16. O-O-O Qd5 17. Nc3 Qf5 18. d5 Nb4 19. Nd4 Qg6 20. f4 Rg8 21. f5 exf5
22. Rhf1 Nxd5 23. Nxd5 Bxd5 24. Nxf5 Qe6 25. Nxe7 1-0

[Event "FIDE Grand Swiss Tournament 2019"]
[Site "Douglas ENG"]
[Date "2019.10.18"]
[Round "8"]
[White "Sarana, Alexey"]
[Black "Le, Quang Liem"]
[Result "0-1"]
[WhiteElo "2655"]
[BlackElo "2708"]
[PlyCount "132"]
[EventDate "2019.10.10"]

1. d4 Nf6 2. c4 e6 3. Nf3 b6 4. g3 Bb7 5. Bg2 g6 6. Nc3 Bg7 7. d5 O-O 8. O-O
exd5 9. cxd5 Re8 10. Nd4 Na6 11. Qc2 Nb4 12. Qb3 a5 13. Rd1 d6 14. Qc4 Nd7 15.
Ncb5 Ba6 16. e3 Bxd4 17. exd4 Nf6 18. a3 Qd7 19. axb4 Bxb5 20. Qb3 a4 21. Qf3
Qg4 22. Qxg4 Nxg4 23. h3 Nf6 24. Bg5 Ne4 25. Bxe4 Rxe4 26. Rac1 Re2 27. Rd2
Rxd2 28. Bxd2 Rc8 29. Bf4 Ba6 30. b5 Bb7 31. Rc4 Bxd5 32. Rxa4 f6 33. g4 Kf7
34. Ra3 Ke6 35. Bd2 Bc4 36. Re3+ Kf7 37. Rc3 Bxb5 38. f3 Ke6 39. Kf2 Kd5 40.
Re3 Kxd4 41. Re7 Kd3 42. Bc3 d5 43. Bxf6 d4 44. Rxh7 c5 45. Rb7 Rc6 46. Bd8 Kc2
47. Bxb6 Be2 48. Bxc5 Rxc5 49. Kxe2 d3+ 50. Ke3 d2 51. Rd7 Re5+ 52. Kf4 Rb5 53.
h4 d1=Q 54. Rxd1 Kxd1 55. h5 gxh5 56. gxh5 Rxh5 57. Ke4 Ke2 58. f4 Kf2 59. b4
Kg3 60. f5 Kg4 61. f6 Rf5 62. f7 Rxf7 63. Kd5 Rf6 64. b5 Kf5 65. Kc5 Ke6 66.
Kc6 Rf1 0-1

[Event "FIDE Grand Swiss Tournament 2019"]
[Site "Douglas ENG"]
[Date "2019.10.18"]
[Round "8"]
[White "Xiong, Jeffery"]
[Black "Papaioannou, Ioannis"]
[Result "1-0"]
[WhiteElo "2708"]
[BlackElo "2645"]
[PlyCount "67"]
[EventDate "2019.10.10"]

1. d4 Nf6 2. c4 e6 3. Nf3 Bb4+ 4. Nbd2 d6 5. e3 O-O 6. Be2 Bxd2+ 7. Qxd2 Qe7 8.
O-O e5 9. b4 e4 10. Ne1 d5 11. b5 Rd8 12. a4 Bg4 13. Ba3 Qe6 14. cxd5 Nxd5 15.
Bc4 Nd7 16. Nc2 N7f6 17. Rfc1 Qf5 18. Nb4 Qg5 19. Kh1 Qh6 20. Nxd5 Nxd5 21. Qc2
Qe6 22. Bxd5 Qxd5 23. Qxc7 b6 24. h3 Be6 25. Qg3 Rdc8 26. Bd6 f6 27. Bc7 Bd7
28. Rab1 Re8 29. Qd6 Qxd6 30. Bxd6 Be6 31. a5 Rec8 32. axb6 axb6 33. Rc6 Ra2
34. Bg3 1-0